SEDIMENTACE ČERVENÝCH KRVINEK V ROURKÁCH SKLONĚNÝCH POD ÚHLEM 60°

Bibliographic Details
Main Authors: Komárek, J. (Author), Pospíšil, J. (Author)
Format: Article
Language:Slovak
Czech

MARC

LEADER 00000nab a2200000 a 4500
001 vtls010707522
003 SK-MaSNL
005 20260309141936.0
008 250709s1960 xo |||||||||||||||||slo|
035 |a (urnnbn)urn:nbn:sk:snk:ar-a042ba 
035 |a (uuid)d03c9534-2818-4869-bf30-3319f1507fba 
035 |a urn:nbn:sk:snk-ab3bl6 
040 |a SNKBUCL  |b slo  |c SNKBUCL  |e AACR2 
041 0 |a cze 
044 |a xo  |c SK 
100 1 |a Komárek, J.  |4 aut  |9 824377 
245 1 0 |a SEDIMENTACE ČERVENÝCH KRVINEK V ROURKÁCH SKLONĚNÝCH POD ÚHLEM 60°  |c J. Komárek, J. Pospíšil 
700 1 |a Pospíšil, J.  |4 aut  |9 273492 
773 0 |t Veterinársky časopis  |g Roč. 9, č. 3 (1960), s. 278-285 
850 |a Slovenská národná knižnica 
852 |a Slovenská národná knižnica 
958 |a article1 
958 |a OND 
958 |a EUIPO 
999 |c 3362521  |d 3364451